Statika

Bibliographic Details
Main Authors: Klimo, Vladimír, 1940- (Author), Caban, Slavomír, 1941- (Author), Mesárošová, Lucia, 1980- (Author)
Format: Book
Language:Slovak
PhysicalDescription:137 s. grafy, sch., tab. 29 cm
Published: Košice Vysoká škola bezpečnostného manažérstva 2007
ISBN:9788089282135
Edition:1. vyd.
Subjects:

MARC

LEADER 00000nam a2200000 a 4500
001 vtls009480381
003 SK-MaSNL
005 20260301211204.0
008 240318s2007 xo dl d p 000 0 slo
015 |a SNBA2009/06-02853 
020 |a 9788089282135  |q (brož.) 
035 |a CB785878-6012-4EDB-9591-9CB9ED01A080 
035 |a urn:nbn:sk:snk-amkwb0 
035 |a urn:nbn:sk:snk-am0083b7 
040 |a SNK  |b slo  |c SNK  |e AACR2 
041 0 |a slo 
044 |a xo  |c SK 
072 7 |a 531  |x Všeobecná mechanika. Mechanika pevných a tuhých telies  |2 konspekt 
080 |a 531.21/.25  |2 2001 
080 |a (075.8)  |2 2001 
100 1 |a Klimo, Vladimír,  |d 1940-  |4 aut  |9 101183 
245 1 0 |a Statika  |c Vladimír Klimo, Slavomír Caban, Lucia Mesárošová 
250 |a 1. vyd. 
260 |a Košice  |b Vysoká škola bezpečnostného manažérstva  |c 2007 
300 |a 137 s.  |b grafy, sch., tab.  |c 29 cm 
366 |e 350 výt. 
504 |a Bibliogr. s. 136 
650 0 7 |a statika  |2 SNKPH  |9 30414 
655 7 |a učebnice vysokých škôl  |2 SNKPH  |9 70191 
700 1 |a Caban, Slavomír,  |d 1941-  |4 aut  |9 101420 
700 1 |a Mesárošová, Lucia,  |d 1980-  |4 aut  |9 476496 
919 |a 978-80-89282-13-5 
958 |a NB 
968 |d 53+54 
999 |c 915917  |d 917847 
952 |a SNK  |b SNK  |y PREZ  |7 0  |p 17A0613421  |o snkSB 77438  |i snk2009/4562  |8 0  |0 0  |1 0  |4 0  |d 2009-03-05  |f 1  |l 0  |r 2025-04-28 00:00:00  |w 2026-02-24 
952 |a SNK  |b SNK  |y VYP  |7 0  |p 17A0613422  |o snkSB 77438 D1  |i snk2009/4563  |8 0  |0 0  |1 0  |4 0  |d 2009-03-05  |l 0  |r 2026-02-24 07:58:54  |w 2026-02-24